[Event "Montcalm 2 2020-21 Online"]
[Site "Quebec CAN"]
[Date "2021.01.21"]
[Round "3"]
[White "Dumont, Eric"]
[Black "Boudreau, Daniel"]
[Result "0-1"]
[WhiteElo "1760"]
[BlackElo "2018"]
[PlyCount "110"]
[EventDate "2021.01.07"]
[EventType "swiss"]
[EventRounds "5"]
[EventCountry "CAN"]

1. d4 Nf6 2. Bf4 e6 3. e3 b6 4. Nd2 Bb7 5. Ngf3 Be7 6. h3 O-O 7. Bd3 c5 8. c3
d6 9. O-O Nbd7 10. Bc2 cxd4 11. exd4 Qc7 12. Re1 Rfe8 13. Bb3 Bf8 14. Bh2 Rac8
15. a4 a6 16. Nc4 Qc6 17. Ne3 g6 18. Nc2 Bh6 19. Nb4 Qc7 20. d5 e5 21. Qe2 Nc5
22. Bc4 a5 23. Na6 Bxa6 24. Bxa6 Nxa6 25. Qxa6 Nxd5 26. Rad1 Nf6 27. Qd3 Rcd8
28. Nd2 Bf8 29. Nc4 Qc5 30. Na3 e4 31. Qa6 d5 32. Nc2 Bh6 33. Nd4 Nd7 34. Qb7
Nb8 35. Bc7 Rd7 36. Bxb6 Qe7 37. Qa8 Rb7 38. Qxa5 Nd7 39. Bc7 Nf6 40. Nb5 e3
41. Bb6 e2 42. Rd3 Qe4 43. Nd6 Qxd3 44. Nxe8 Nxe8 45. Qa8 Re7 46. Bc5 Re6 47.
Qd8 Bd2 48. Be7 Rxe7 49. Qxe7 Bxe1 50. Qxe8+ Kg7 51. Qe5+ f6 52. Qe7+ Kh6 53.
Qf8+ Kh5 54. g4+ Kg5 55. f4+ Kh4 0-1

[Event "Montcalm 2 2020-21 Online"]
[Site "Quebec CAN"]
[Date "2021.01.21"]
[Round "3"]
[White "Fecteau, Martin"]
[Black "Genest, Dominic"]
[Result "1-0"]
[WhiteElo "1845"]
[BlackElo "1786"]
[PlyCount "113"]
[EventDate "2021.01.07"]
[EventType "swiss"]
[EventRounds "5"]
[EventCountry "CAN"]

1. d4 d5 2. Nf3 Nf6 3. c4 e6 4. Nc3 c6 5. e3 Nbd7 6. Qc2 Be7 7. Bd3 dxc4 8.
Bxc4 b5 9. Bd3 Bb7 10. O-O a6 11. Ne4 O-O 12. Bd2 Nxe4 13. Bxe4 Nf6 14. Bd3 Rc8
15. b4 h6 16. a3 Qc7 17. e4 Rfd8 18. h3 Rd7 19. Be3 Ne8 20. Qe2 Qd8 21. Rfd1
Bf8 22. Bc2 Nd6 23. Ne5 Re7 24. Qg4 g6 25. Qf4 Bg7 26. Ng4 h5 27. Nf6+ Kh8 28.
g4 hxg4 29. hxg4 Bxf6 30. Qxf6+ Kg8 31. Bh6 Ne8 32. Qf4 f6 33. e5 f5 34. Bg5
Nc7 35. Bxe7 Qxe7 36. Qh6 Qg7 37. Qxg7+ Kxg7 38. gxf5 gxf5 39. Bb3 Rh8 40. f3
Kf7 41. Kg2 Ke7 42. Rh1 Rg8+ 43. Kf2 Bc8 44. Rh7+ Kd8 45. Rah1 Nd5 46. Bxd5
cxd5 47. Ra7 Rf8 48. Rhh7 Rg8 49. Rag7 Rxg7 50. Rxg7 Bd7 51. Kg3 Ke8 52. Kf4
Kd8 53. Kg5 Kc7 54. Kf6 Kc6 55. Ke7 Kc7 56. Rg8 Bc8 57. Rxc8+ 1-0

[Event "Montcalm 2 2020-21 Online"]
[Site "Quebec CAN"]
[Date "2021.01.21"]
[Round "3"]
[White "Oliver, Vance"]
[Black "Diotte, Jean-Raymond"]
[Result "1-0"]
[WhiteElo "1674"]
[BlackElo "1343"]
[PlyCount "49"]
[EventDate "2021.01.07"]
[EventType "swiss"]
[EventRounds "5"]
[EventCountry "CAN"]

1. e4 e5 2. Nf3 Nc6 3. Bb5 d6 4. c3 Bd7 5. d4 Nf6 6. Bg5 Be7 7. Nbd2 a6 8. Ba4
b5 9. Bc2 Ng8 10. Be3 Bf6 11. O-O Nge7 12. Qe2 Ng6 13. dxe5 Ncxe5 14. Nxe5 Nxe5
15. h3 O-O 16. a4 Qc8 17. Qh5 c5 18. f4 g6 19. Qh6 Bg7 20. Qh4 Nc4 21. Nxc4
bxc4 22. f5 Qd8 23. Bg5 f6 24. fxg6 fxg5 25. Qxh7# 1-0

[Event "Montcalm 2 2020-21 Online"]
[Site "Quebec CAN"]
[Date "2021.01.21"]
[Round "3"]
[White "Servant, Michel"]
[Black "Auger, Bertrand"]
[Result "0-1"]
[WhiteElo "1661"]
[BlackElo "1907"]
[PlyCount "56"]
[EventDate "2021.01.07"]
[EventType "swiss"]
[EventRounds "5"]
[EventCountry "CAN"]

1. c4 f5 2. Nc3 Nf6 3. Nf3 g6 4. g3 Bg7 5. Bg2 O-O 6. O-O d6 7. d4 Qe8 8. Nd5
Nxd5 9. cxd5 Qb5 10. Ng5 c6 11. a4 Qb6 12. dxc6 bxc6 13. d5 h6 14. a5 Qc7 15.
Nf3 c5 16. Re1 Na6 17. e4 Rb8 18. Qe2 Nb4 19. Nh4 Ba6 20. Qd2 Nd3 21. Nxg6 Nxe1
22. Nxf8 Nf3+ 23. Bxf3 Rxf8 24. exf5 Rxf5 25. Bg4 Re5 26. Be6+ Kh8 27. Kg2 Qb7
28. Qf4 Rxe6 0-1

[Event "Montcalm 2 2020-21 Online"]
[Site "Quebec CAN"]
[Date "2021.01.28"]
[Round "4"]
[White "Boudreau, Daniel"]
[Black "Auger, Bertrand"]
[Result "1/2-1/2"]
[WhiteElo "2018"]
[BlackElo "1907"]
[PlyCount "69"]
[EventDate "2021.01.07"]
[EventType "swiss"]
[EventRounds "5"]
[EventCountry "CAN"]

1. e4 e6 2. d4 d5 3. Nc3 dxe4 4. Nxe4 Bd7 5. Nf3 Bc6 6. Bd3 Nd7 7. c3 Ngf6 8.
Nxf6+ Nxf6 9. O-O Bd6 10. Re1 O-O 11. Ne5 Bxe5 12. Rxe5 h6 13. Bf4 Re8 14. Qd2
Ng4 15. Rh5 e5 16. Qe2 e4 17. Qxg4 exd3 18. Bxh6 g6 19. Re5 Rxe5 20. dxe5 Qd5
21. Qg3 Rd8 22. Bd2 Kg7 23. h4 Rh8 24. b3 Rxh4 25. Bg5 Rh5 26. Bf6+ Kg8 27. Qg4
Bd7 28. c4 Qxe5 29. Bxe5 Bxg4 30. Bc3 Be2 31. f3 f5 32. Kf2 Kf7 33. Ke3 Ke6 34.
Rg1 g5 35. g3 1/2-1/2

[Event "Montcalm 2 2020-21 Online"]
[Site "Quebec CAN"]
[Date "2021.01.28"]
[Round "4"]
[White "Fecteau, Martin"]
[Black "Bolduc, Steve"]
[Result "1-0"]
[WhiteElo "1845"]
[BlackElo "2237"]
[PlyCount "117"]
[EventDate "2021.01.07"]
[EventType "swiss"]
[EventRounds "5"]
[EventCountry "CAN"]

1. d4 Nf6 2. c4 c5 3. d5 b5 4. cxb5 a6 5. b6 e6 6. Nc3 exd5 7. Nxd5 Nxd5 8.
Qxd5 Nc6 9. e3 Be7 10. Bc4 O-O 11. Nf3 Rb8 12. O-O Nb4 13. Qd1 d5 14. Be2 Rxb6
15. Bd2 Bf6 16. Bc3 Be6 17. Qd2 Qe7 18. a3 Nc6 19. Rac1 d4 20. exd4 Rd8 21. d5
Rxd5 22. Qe3 Bxc3 23. Qxc3 Nd4 24. Nxd4 cxd4 25. Qd2 d3 26. Bf3 Rd8 27. b4 Bf5
28. Rc5 Be4 29. Re1 Re6 30. Bg4 f5 31. Bd1 Bd5 32. Rxe6 Bxe6 33. Re5 Qd6 34. f4
Kf7 35. h3 g5 36. Bh5+ Kf6 37. g3 gxf4 38. gxf4 Qd4+ 39. Qe3 Rg8+ 40. Kf1 Qa1+
41. Qe1 Qa2 42. Qh4+ Kg7 43. Qg5+ Kh8 44. Qf6+ Rg7 45. Rxe6 Qg2+ 46. Ke1 d2+
47. Kd1 Qf1+ 48. Kxd2 Qxf4+ 49. Kc3 Qc1+ 50. Kb3 Qb1+ 51. Ka4 Qc2+ 52. Ka5 Qc7+
53. Kxa6 Qb7+ 54. Ka5 Qa8+ 55. Kb5 Qd5+ 56. Ka4 Qd7+ 57. b5 h6 58. Qxh6+ Rh7
59. Qf8# 1-0

[Event "Montcalm 2 2020-21 Online"]
[Site "Quebec CAN"]
[Date "2021.01.28"]
[Round "4"]
[White "Genest, Dominic"]
[Black "Dumont, Eric"]
[Result "0-1"]
[WhiteElo "1786"]
[BlackElo "1760"]
[PlyCount "84"]
[EventDate "2021.01.07"]
[EventType "swiss"]
[EventRounds "5"]
[EventCountry "CAN"]

1. c4 Nf6 2. g3 g6 3. Bg2 Bg7 4. Nc3 e5 5. e4 d6 6. Nge2 Nc6 7. d3 O-O 8. O-O
Be6 9. h3 Qd7 10. Kh2 Rad8 11. b3 Ne8 12. Be3 f5 13. d4 exd4 14. Nxd4 Nxd4 15.
Bxd4 Nf6 16. exf5 Bxf5 17. Nd5 c6 18. Ne3 Be6 19. Bxa7 b5 20. Bb6 Rb8 21. Bd4
bxc4 22. Nxc4 d5 23. Ne5 Qd6 24. Rc1 Rbc8 25. Nd3 Ng4+ 26. hxg4 Bxd4 27. Nf4
Rxf4 28. gxf4 Qxf4+ 29. Kg1 Be5 30. Re1 Rf8 31. f3 Bd4+ 32. Kf1 Bxg4 33. Qd3
Bf5 34. Qd1 Ba7 35. Re7 Bd3+ 36. Qxd3 Qxc1+ 37. Re1 Qc5 38. Ke2 Qf2+ 39. Kd1
Qxg2 40. Qa6 Qxf3+ 41. Kc2 Qf2+ 42. Re2 Qc5+ 0-1

[Event "Montcalm 2 2020-21 Online"]
[Site "Quebec CAN"]
[Date "2021.01.28"]
[Round "4"]
[White "Sauve, Richard"]
[Black "Oliver, Vance"]
[Result "1-0"]
[WhiteElo "1921"]
[BlackElo "1674"]
[PlyCount "63"]
[EventDate "2021.01.07"]
[EventType "swiss"]
[EventRounds "5"]
[EventCountry "CAN"]

1. d4 Nf6 2. c4 g6 3. Nc3 Bg7 4. e4 d6 5. f3 O-O 6. Be3 Nc6 7. Nge2 a6 8. Qd2
Rb8 9. h4 h5 10. Rc1 Bd7 11. Nd1 b5 12. c5 Qc8 13. cxd6 exd6 14. Ng3 Re8 15.
Be2 Qb7 16. Kf2 Ne7 17. d5 Kh7 18. b3 Neg8 19. Rc2 Re7 20. Re1 Rbe8 21. Bg5 Nh6
22. Nb2 Qb6+ 23. Kf1 Rxe4 24. fxe4 Nfg4 25. Bxg4 Nxg4 26. Be3 Nxe3+ 27. Qxe3
Bd4 28. Qf4 f5 29. exf5 Be3 30. Qf3 Bg1 31. fxg6+ Kg8 32. Qf7+ 1-0

[Event "Montcalm 2 2020-21 Online"]
[Site "Quebec CAN"]
[Date "2021.02.04"]
[Round "5"]
[White "Auger, Bertrand"]
[Black "Dumont, Eric"]
[Result "1-0"]
[WhiteElo "1907"]
[BlackElo "1760"]
[PlyCount "33"]
[EventDate "2021.01.07"]
[EventType "swiss"]
[EventRounds "5"]
[EventCountry "CAN"]

1. Nf3 d5 2. g3 g6 3. Bg2 Nf6 4. b4 Bg7 5. Bb2 O-O 6. d3 c6 7. Nbd2 Qb6 8. Rb1
Nbd7 9. O-O Re8 10. Ne5 Ng4 11. Nxg4 Bxb2 12. Rxb2 Qd4 13. Nh6+ Kg7 14. Qc1 Nf6
15. Nf3 Qb6 16. Ng5 Kxh6 17. Ne6+ 1-0

[Event "Montcalm 2 2020-21 Online"]
[Site "Quebec CAN"]
[Date "2021.02.04"]
[Round "5"]
[White "Bolduc, Steve"]
[Black "Servant, Michel"]
[Result "1-0"]
[WhiteElo "2237"]
[BlackElo "1661"]
[PlyCount "29"]
[EventDate "2021.01.07"]
[EventType "swiss"]
[EventRounds "5"]
[EventCountry "CAN"]

1. d4 d5 2. c4 c6 3. Nc3 Nf6 4. Nf3 Bf5 5. cxd5 cxd5 6. Qb3 b6 7. Bf4 a6 8. e3
Nc6 9. Ne5 Na5 10. Qd1 e6 11. Qa4+ Nd7 12. Rc1 f6 13. Nxd7 Qxd7 14. Nb5 axb5
15. Bxb5 1-0

[Event "Montcalm 2 2020-21 Online"]
[Site "Quebec CAN"]
[Date "2021.02.04"]
[Round "5"]
[White "Diotte, Jean-Raymond"]
[Black "Genest, Dominic"]
[Result "0-1"]
[WhiteElo "1343"]
[BlackElo "1786"]
[PlyCount "62"]
[EventDate "2021.01.07"]
[EventType "swiss"]
[EventRounds "5"]
[EventCountry "CAN"]

1. e4 c5 2. Nf3 e6 3. d4 cxd4 4. Nxd4 Nc6 5. Nc3 Nf6 6. Ndb5 d6 7. Bg5 a6 8.
Nd4 Be7 9. Be2 Qa5 10. Be3 Nxe4 11. Qd3 d5 12. Nxc6 bxc6 13. O-O Nxc3 14. bxc3
c5 15. Bd2 c4 16. Qg3 O-O 17. Bf4 Bf6 18. Be5 Bxe5 19. Qxe5 f6 20. Qg3 Qc5 21.
Kh1 Bd7 22. f4 Ba4 23. Rf2 Rab8 24. Bh5 Rb2 25. Raf1 Rxc2 26. Rf3 Rxa2 27. Bg6
hxg6 28. Qxg6 Bc2 29. Qh5 Be4 30. Rg3 Qf2 31. Rxf2 Ra1+ 0-1

[Event "Montcalm 2 2020-21 Online"]
[Site "Quebec CAN"]
[Date "2021.02.04"]
[Round "5"]
[White "Sauve, Richard"]
[Black "Fecteau, Martin"]
[Result "1/2-1/2"]
[WhiteElo "1921"]
[BlackElo "1845"]
[PlyCount "90"]
[EventDate "2021.01.07"]
[EventType "swiss"]
[EventRounds "5"]
[EventCountry "CAN"]

1. d4 d5 2. c4 c6 3. Nc3 Nf6 4. e3 a6 5. Nf3 Nbd7 6. Bd3 g6 7. O-O Bg7 8. Qe2
O-O 9. a4 Qc7 10. cxd5 cxd5 11. Bd2 Nb8 12. Rfc1 Nc6 13. a5 Bg4 14. h3 Bxf3 15.
Qxf3 Qd6 16. Na4 Nd7 17. Qd1 Rab8 18. Qb3 e6 19. Nb6 Nxb6 20. Qxb6 Qd8 21. Qxd8
Rfxd8 22. Ra3 Rdc8 23. Rac3 Ne7 24. Rc7 Nc6 25. Rxc8+ Rxc8 26. b4 Ne7 27. Rb1
Nc6 28. b5 axb5 29. Rxb5 Nd8 30. Kf1 Bf8 31. Ke2 Ba3 32. Kd1 Kf8 33. Rb3 Bd6
34. h4 Rc7 35. h5 f5 36. hxg6 hxg6 37. g4 Kf7 38. gxf5 gxf5 39. f4 Kg6 40. Rb1
Nf7 41. Ke2 Nh6 42. Rg1+ Kf6 43. Rh1 Ng4 44. Rh8 Ba3 45. Rh1 Kg6 1/2-1/2

[Event "Montcalm 2 2021-22 Online"]
[Site "Quebec CAN"]
[Date "2021.11.25"]
[Round "1"]
[White "Bolduc, Steve"]
[Black "Sauve, Richard"]
[Result "1-0"]
[WhiteElo "2268"]
[BlackElo "1924"]
[PlyCount "67"]
[EventDate "2021.11.25"]
[EventType "tourn"]
[EventRounds "5"]
[EventCountry "CAN"]

1. e4 e6 2. d4 d5 3. e5 c5 4. c3 Nc6 5. Nf3 Qb6 6. Bd3 cxd4 7. O-O Bd7 8. Re1
Rc8 9. h4 a5 10. Nbd2 Nge7 11. Nb3 dxc3 12. bxc3 Qc7 13. h5 Na7 14. Nbd4 Nec6
15. h6 gxh6 16. Bf4 f5 17. Nh4 Nxd4 18. cxd4 Bb5 19. Rc1 Qd7 20. Rxc8+ Nxc8 21.
Bxf5 Qf7 22. Bg3 Ne7 23. Bg4 Ng6 24. Re3 Qe7 25. Nxg6 hxg6 26. Qb1 Bd7 27.
Qxg6+ Qf7 28. Qxf7+ Kxf7 29. Bh5+ Kg8 30. Bh4 Rh7 31. Bf6 Bg7 32. Rg3 Kf8 33.
Bg6 Rh8 34. Bxg7+ 1-0

[Event "Montcalm 2 2021-22 Online"]
[Site "Quebec CAN"]
[Date "2021.11.25"]
[Round "1"]
[White "Dube, Daniel"]
[Black "Dumont, Eric"]
[Result "1/2-1/2"]
[WhiteElo "1884"]
[BlackElo "1767"]
[PlyCount "79"]
[EventDate "2021.11.25"]
[EventType "tourn"]
[EventRounds "5"]
[EventCountry "CAN"]

1. e4 c6 2. Nf3 d5 3. Nc3 d4 4. Ne2 c5 5. c3 Nc6 6. d3 e5 7. g3 Nf6 8. Bg2 Be7
9. O-O O-O 10. cxd4 cxd4 11. Ne1 Bg4 12. h3 Be6 13. f4 exf4 14. Nxf4 Qd7 15.
Nf3 h6 16. g4 Nh7 17. b3 Ng5 18. Nxg5 Bxg5 19. Ne2 Bxc1 20. Rxc1 Rac8 21. Qd2
Ne5 22. Rxc8 Rxc8 23. Nf4 Rc3 24. Rc1 Qc8 25. Ne2 Rxc1+ 26. Qxc1 Nxd3 27. Qxc8+
Bxc8 28. Nxd4 Ne5 29. Kf2 Kf8 30. Ke3 f6 31. Bf1 a6 32. Nf3 Ke7 33. Nxe5 fxe5
34. Bc4 g5 35. Bg8 Bd7 36. Bd5 b6 37. a4 a5 38. Kd3 Kd6 39. Kc4 Be8 40. Bg8
1/2-1/2

[Event "Montcalm 2 2021-22 Online"]
[Site "Quebec CAN"]
[Date "2021.11.25"]
[Round "1"]
[White "Marquis, Paul"]
[Black "Fecteau, Martin"]
[Result "1/2-1/2"]
[WhiteElo "1963"]
[BlackElo "1869"]
[PlyCount "45"]
[EventDate "2021.11.25"]
[EventType "tourn"]
[EventRounds "5"]
[EventCountry "CAN"]

1. e4 c5 2. c3 d5 3. exd5 Qxd5 4. d4 cxd4 5. cxd4 Nc6 6. Nf3 e6 7. Nc3 Qd8 8.
Be2 Nf6 9. O-O Be7 10. a3 O-O 11. Qd3 a6 12. Rd1 Nd5 13. Ne5 Nxc3 14. Qxc3 Bd7
15. Nxd7 Qxd7 16. Be3 Bf6 17. Bf3 Rac8 18. Qd2 Ne7 19. Bg5 Bxg5 20. Qxg5 Rfd8
21. Rac1 Rxc1 22. Qxc1 Nd5 23. Qd2 1/2-1/2

[Event "Montcalm 2 2021-22 Online"]
[Site "Quebec CAN"]
[Date "2021.12.02"]
[Round "2"]
[White "Bolduc, Steve"]
[Black "Dube, Daniel"]
[Result "0-1"]
[WhiteElo "2268"]
[BlackElo "1884"]
[PlyCount "71"]
[EventDate "2021.11.25"]
[EventType "tourn"]
[EventRounds "5"]
[EventCountry "CAN"]

1. d4 Nf6 2. Nf3 g6 3. c4 Bg7 4. Nc3 O-O 5. e4 d6 6. Be2 e5 7. O-O Nc6 8. d5
Ne7 9. b4 Ne8 10. c5 h6 11. Nd2 f5 12. f3 f4 13. a4 a5 14. cxd6 cxd6 15. bxa5
Rxa5 16. Nc4 Rc5 17. Ba3 Rxc4 18. Bxc4 g5 19. Nb5 Ng6 20. Rb1 g4 21. fxg4 Qg5
22. h3 h5 23. Na7 Bxg4 24. hxg4 hxg4 25. g3 fxg3 26. Rxf8+ Bxf8 27. Bc1 Nf4 28.
Bxf4 exf4 29. Qd2 Qh4 30. Bf1 f3 31. Bg2 Bh6 32. Qc2 Be3+ 33. Kf1 Qh2 34. Ke1
fxg2 35. Ke2 g1=Q+ 36. Kd3 0-1

[Event "Montcalm 2 2021-22 Online"]
[Site "Quebec CAN"]
[Date "2021.12.02"]
[Round "2"]
[White "Dumont, Eric"]
[Black "Marquis, Paul"]
[Result "0-1"]
[WhiteElo "1767"]
[BlackElo "1963"]
[PlyCount "52"]
[EventDate "2021.11.25"]
[EventType "tourn"]
[EventRounds "5"]
[EventCountry "CAN"]

1. d4 g6 2. Bf4 Bg7 3. e3 d6 4. Nf3 Nd7 5. Be2 e5 6. dxe5 dxe5 7. Bg3 Qe7 8.
O-O Nh6 9. e4 O-O 10. c4 Nc5 11. Nc3 c6 12. h3 f5 13. exf5 Nxf5 14. Bh2 e4 15.
Ne1 Rd8 16. Qc1 e3 17. f4 Rd2 18. Nf3 Bxc3 19. Nxd2 Bxd2 20. Qd1 Nd4 21. Bg4
Bxg4 22. Qxg4 Rf8 23. f5 Nxf5 24. Bf4 Ne6 25. Be5 Qc5 26. Rxf5 Rxf5 0-1

[Event "Montcalm 2 2021-22 Online"]
[Site "Quebec CAN"]
[Date "2021.12.02"]
[Round "2"]
[White "Sauve, Richard"]
[Black "Fecteau, Martin"]
[Result "1/2-1/2"]
[WhiteElo "1924"]
[BlackElo "1869"]
[PlyCount "157"]
[EventDate "2021.11.25"]
[EventType "tourn"]
[EventRounds "5"]
[EventCountry "CAN"]

1. d4 d5 2. c4 c6 3. Nc3 Nf6 4. Nf3 e6 5. e3 Bd6 6. Bd3 Nbd7 7. e4 dxe4 8. Nxe4
Nxe4 9. Bxe4 Nf6 10. Bc2 Bb4+ 11. Bd2 Qa5 12. O-O Bxd2 13. Qxd2 Qxd2 14. Nxd2
O-O 15. Nf3 Rd8 16. Rad1 b5 17. c5 a5 18. Rfe1 Bd7 19. Ne5 Rac8 20. Be4 Nd5 21.
a3 f6 22. Bxd5 exd5 23. Nd3 Re8 24. f3 Bf5 25. Nf4 g5 26. Nh5 Kf7 27. Kf2 Bg6
28. Ng3 h5 29. Ne2 h4 30. Nc1 b4 31. axb4 axb4 32. Nd3 Rb8 33. Rxe8 Kxe8 34.
Ke3 Kd7 35. Ra1 Rb7 36. Ra8 b3 37. Rf8 Ke7 38. Rc8 Kd7 39. Rg8 Bf7 40. Ra8 Bg6
41. Kd2 Ke6 42. Ra6 Kd7 43. Kc3 Bxd3 44. Kxd3 Rb4 45. Ra7+ Kc8 46. Rf7 Rc4 47.
Rxf6 Kb7 48. Rg6 Rc2 49. Rxg5 Rxb2 50. Kc3 Rb1 51. Re5 Rc1+ 52. Kxb3 Rc4 53.
Rg5 Rxd4 54. Rg4 Rd2 55. f4 Rf2 56. Kc3 h3 57. gxh3 Rf3+ 58. Kd4 Rxh3 59. Rg2
Rh5 60. Rf2 Rf5 61. Ke3 Kc7 62. Rd2 Kd7 63. Kf3 Ke6 64. Re2+ Kf7 65. Re5 Rf6
66. h4 Rh6 67. h5 Rh8 68. Kg4 d4 69. Kf3 Rd8 70. Ke2 d3+ 71. Kd2 Rd4 72. Rf5+
Kg7 73. h6+ Kxh6 74. Rf6+ Kg7 75. Rxc6 Rxf4 76. Kxd3 Kf7 77. Rd6 Ke7 78. Rh6
Kd7 79. Rd6+ 1/2-1/2

[Event "Montcalm 2 2021-22 Online"]
[Site "Quebec CAN"]
[Date "2021.12.08"]
[Round "3"]
[White "Dube, Daniel"]
[Black "Sauve, Richard"]
[Result "1/2-1/2"]
[WhiteElo "1884"]
[BlackElo "1924"]
[PlyCount "139"]
[EventDate "2021.11.25"]
[EventType "tourn"]
[EventRounds "5"]
[EventCountry "CAN"]

1. c4 e6 2. d4 d5 3. cxd5 exd5 4. Nc3 Nf6 5. Bg5 Be7 6. e3 O-O 7. Bd3 h6 8. Bf4
c6 9. h3 Bd6 10. Nge2 Re8 11. Qc2 Bxf4 12. Nxf4 Nbd7 13. O-O Nf8 14. b4 Ne6 15.
Nxe6 Bxe6 16. b5 cxb5 17. Bxb5 Re7 18. Rfc1 Rc7 19. Qb3 Rac8 20. Ne2 Rxc1+ 21.
Rxc1 Rxc1+ 22. Nxc1 Qc8 23. Ne2 Ne4 24. Nf4 Qc1+ 25. Bf1 Qd2 26. Nd3 b6 27. Qa4
Nc3 28. Qxa7 Bf5 29. Qb8+ Kh7 30. Nb4 Nd1 31. Qf4 Be6 32. a3 Qb2 33. g3 Qxa3
34. Nxd5 Qb2 35. Nc7 Qb3 36. Qe4+ g6 37. Qd3 Qxd3 38. Bxd3 Bxh3 39. Nd5 Nb2 40.
Bb5 Kg7 41. Nxb6 Kf8 42. e4 Ke7 43. f4 Nd1 44. Kh2 Bg4 45. e5 Bf3 46. d5 Ne3
47. d6+ Kd8 48. Bc4 Nxc4 49. Nxc4 Kd7 50. Kg1 Be2 51. Nd2 f6 52. Kf2 Bb5 53.
Ke3 g5 54. Ne4 gxf4+ 55. Kxf4 fxe5+ 56. Kxe5 Bc4 57. Nc5+ Kd8 58. Kd4 Be2 59.
Kd5 Bg4 60. Ne4 h5 61. Ke5 Be2 62. Nf6 Bd1 63. Kf4 Kc8 64. Kg5 Kb7 65. d7 Kc7
66. Kg6 Kd8 67. Kf5 Ke7 68. Kg5 Be2 69. Nxh5 Kxd7 70. Kf4 1/2-1/2

[Event "Montcalm 2 2021-22 Online"]
[Site "Quebec CAN"]
[Date "2021.12.09"]
[Round "3"]
[White "Fecteau, Martin"]
[Black "Dumont, Eric"]
[Result "1-0"]
[WhiteElo "1869"]
[BlackElo "1767"]
[PlyCount "31"]
[EventDate "2021.11.25"]
[EventType "tourn"]
[EventRounds "5"]
[EventCountry "CAN"]

1. d4 d5 2. Nf3 c6 3. c4 Nf6 4. e3 g6 5. Bd3 Bg7 6. O-O O-O 7. b3 Nbd7 8. Bb2
Ne4 9. Nbd2 f5 10. cxd5 cxd5 11. Rc1 a6 12. Qc2 e6 13. Ba3 Rf7 14. Qc7 Qe8 15.
Qc2 Nb8 16. Qxc8 1-0

[Event "Montcalm 2 2021-22 Online"]
[Site "Quebec CAN"]
[Date "2021.12.09"]
[Round "3"]
[White "Marquis, Paul"]
[Black "Bolduc, Steve"]
[Result "1-0"]
[WhiteElo "1963"]
[BlackElo "2268"]
[PlyCount "71"]
[EventDate "2021.11.25"]
[EventType "tourn"]
[EventRounds "5"]
[EventCountry "CAN"]

1. e4 d6 2. d4 Nf6 3. Nc3 g6 4. Be2 Bg7 5. g4 c6 6. g5 Nfd7 7. Be3 b5 8. Qd2
Nb6 9. f3 b4 10. Nd1 a5 11. a3 Na6 12. axb4 axb4 13. c3 bxc3 14. bxc3 O-O 15.
h4 d5 16. h5 e5 17. dxe5 Bxe5 18. f4 Bh8 19. Bxa6 Bxa6 20. Qh2 Qe7 21. e5 Nd7
22. Nf3 Rfc8 23. Qh3 Nf8 24. Rxa6 Ne6 25. Rxa8 Rxa8 26. hxg6 fxg6 27. Nd4 Nf8
28. Nxc6 Qc7 29. Nd4 Qc4 30. Qf1 Qc8 31. Qb5 Ra1 32. Qxd5+ Kg7 33. Qc6 Qg4 34.
Qf3 Qc8 35. O-O Qc4 36. f5 1-0

[Event "Montcalm 2 2021-22 Online"]
[Site "Quebec CAN"]
[Date "2021.12.16"]
[Round "4"]
[White "Bolduc, Steve"]
[Black "Fecteau, Martin"]
[Result "1-0"]
[WhiteElo "2268"]
[BlackElo "1869"]
[PlyCount "103"]
[EventDate "2021.11.25"]
[EventType "tourn"]
[EventRounds "5"]
[EventCountry "CAN"]

1. d4 d5 2. c4 e6 3. Nc3 Nf6 4. Nf3 c6 5. Bg5 Be7 6. e3 Nbd7 7. Bd3 h6 8. Bf4
dxc4 9. Bxc4 Nb6 10. Bb3 Nbd5 11. Bg3 Nxc3 12. bxc3 O-O 13. Qd3 b6 14. Ne5 Bb7
15. O-O c5 16. f3 Rc8 17. Rac1 Bd5 18. Bc2 c4 19. Qd2 Nh5 20. Bf2 Qc7 21. g4
Nf6 22. Bg3 Qd8 23. Bb1 Nd7 24. Qc2 f5 25. e4 Nxe5 26. Bxe5 Ba8 27. gxf5 exf5
28. exf5 Bf6 29. Rce1 Qd7 30. Qf2 Bd5 31. Bxf6 Rxf6 32. Re5 Bf7 33. Rfe1 a5 34.
Re7 Qd6 35. Qg3 Qa3 36. R7e3 b5 37. Kh1 Qf8 38. Rg1 b4 39. Qe1 b3 40. Re2 Bh5
41. Be4 Kh8 42. Qg3 Re8 43. Reg2 Re7 44. Qh3 Be8 45. a3 Bc6 46. d5 Bd7 47. Rg6
Rxg6 48. Rxg6 Bxf5 49. Qxf5 Qxf5 50. Bxf5 Re1+ 51. Rg1 Re3 52. d6 1-0

[Event "Montcalm 2 2021-22 Online"]
[Site "Quebec CAN"]
[Date "2021.12.21"]
[Round "4"]
[White "Dube, Daniel"]
[Black "Marquis, Paul"]
[Result "0-1"]
[WhiteElo "1884"]
[BlackElo "1963"]
[PlyCount "70"]
[EventDate "2021.11.25"]
[EventType "tourn"]
[EventRounds "5"]
[EventCountry "CAN"]

1. d4 Nf6 2. c4 g6 3. Nc3 Bg7 4. e4 d6 5. Be2 O-O 6. Bg5 Na6 7. f4 c6 8. Bf3
Nc7 9. g4 Ne6 10. Bxf6 Bxf6 11. Nge2 Bh4+ 12. Kd2 Nxf4 13. Nxf4 Bg5 14. Nce2 e5
15. h4 Bxf4+ 16. Nxf4 exf4 17. g5 f5 18. gxf6 Qxf6 19. Kc2 Be6 20. b3 b5 21.
cxb5 cxb5 22. Qd2 Rfc8+ 23. Kb2 Rab8 24. Rag1 b4 25. h5 g5 26. h6 Kh8 27. Rh5
Rg8 28. Bg4 Bf7 29. Rh3 Rg6 30. Rgh1 Be6 31. Bxe6 Qxe6 32. Qd3 Re8 33. Re1 g4
34. Rh5 Rxh6 35. Rf5 Rh2+ 0-1

[Event "Montcalm 2 2021-22 Online"]
[Site "Quebec CAN"]
[Date "2021.12.16"]
[Round "4"]
[White "Sauve, Richard"]
[Black "Dumont, Eric"]
[Result "0-1"]
[WhiteElo "1924"]
[BlackElo "1767"]
[PlyCount "102"]
[EventDate "2021.11.25"]
[EventType "tourn"]
[EventRounds "5"]
[EventCountry "CAN"]

1. d4 d5 2. c4 c6 3. Nc3 Nf6 4. Nf3 a6 5. e3 Bf5 6. cxd5 cxd5 7. Qb3 Ra7 8. Ne5
e6 9. Bd2 Bd6 10. Bd3 Bxd3 11. Nxd3 O-O 12. Rc1 Nc6 13. Na4 Ne4 14. Nac5 Nxd2
15. Kxd2 Qg5 16. Qb6 Bxc5 17. Qxc5 Raa8 18. Rhg1 Rad8 19. f4 Qh4 20. h3 Rfe8
21. g4 Qxh3 22. Rcf1 Rc8 23. Qb6 Qh2+ 24. Nf2 Ne7 25. Qb3 Rc4 26. Qd3 f5 27. g5
Ng6 28. Rh1 Qg2 29. Rhg1 Qf3 30. Ng4 Qe4 31. Qxe4 dxe4 32. b3 Rc7 33. Nh2 Rec8
34. Rc1 Ne7 35. Rxc7 Rxc7 36. Rc1 Nd5 37. Nf1 Rxc1 38. Kxc1 Kf7 39. Kd2 Kg6 40.
Ng3 h5 41. Nh1 h4 42. Nf2 Nb4 43. a4 Nd3 44. Nh1 Kh5 45. Kc3 Kg4 46. Kc4 Kf3
47. d5 exd5+ 48. Kxd5 Kxe3 49. Ke6 g6 50. Kd6 Kxf4 51. Kc7 e3 0-1

[Event "Montcalm 2 2021-22 Online"]
[Site "Quebec CAN"]
[Date "2021.12.23"]
[Round "5"]
[White "Dumont, Eric"]
[Black "Bolduc, Steve"]
[Result "1/2-1/2"]
[WhiteElo "1767"]
[BlackElo "2268"]
[PlyCount "111"]
[EventDate "2021.11.25"]
[EventType "tourn"]
[EventRounds "5"]
[EventCountry "CAN"]

1. d4 d5 2. Bf4 Nc6 3. e3 Bf5 4. c4 e6 5. Nc3 Bb4 6. Qb3 Nge7 7. Nf3 O-O 8. Be2
Bd6 9. Bxd6 Qxd6 10. cxd5 exd5 11. O-O a6 12. Na4 b6 13. Rfc1 Rfe8 14. Qc3 f6
15. a3 Bd7 16. b3 Ra7 17. Nb2 Nf5 18. Bd3 Nd8 19. b4 Nf7 20. a4 Qe6 21. a5 Rea8
22. Qc2 N7d6 23. Re1 Bb5 24. h3 Ne4 25. Rac1 h5 26. Qd1 Re8 27. Bb1 g6 28. Nd3
Bc4 29. Nf4 Qf7 30. Nd2 Ned6 31. Nxc4 dxc4 32. Ba2 b5 33. Bb1 Raa8 34. Qf3 Rad8
35. Qc6 g5 36. Nd5 Ne7 37. Nxe7+ Rxe7 38. Qxa6 Qd5 39. Qa7 Nc8 40. Qc5 c6 41.
Bg6 h4 42. Bh5 Qxc5 43. dxc5 Red7 44. Red1 Kf8 45. Rxd7 Rxd7 46. Bg4 Rd8 47.
Bxc8 Rxc8 48. Rd1 Ke7 49. Kf1 Ke6 50. Ke2 Ke5 51. Rd6 f5 52. f3 Rc7 53. Kd2 Rc8
54. Ke2 Rc7 55. Kd2 Rc8 56. Ke2 1/2-1/2